VEGETABLE SEEDS PRODUCTION TECHNOLOGY (Record no. 5643)

MARC details
000 -LEADER
fixed length control field 00382nam a22001457a 4500
005 - DATE AND TIME OF LATEST TRANSACTION
control field 20171129131533.0
008 - FIXED-LENGTH DATA ELEMENTS--GENERAL INFORMATION
fixed length control field 171129b xxu||||| |||| 00| 0 eng d
020 ## - INTERNATIONAL STANDARD BOOK NUMBER
ISBN 81-8189-142-2
041 ## - LANGUAGE CODE
Language code of text/sound track or separate title eng
100 ## - MAIN ENTRY--AUTHOR NAME
Personal name SINGH, NEMPAL AND OTHERS
245 ## - TITLE STATEMENT
Title VEGETABLE SEEDS PRODUCTION TECHNOLOGY
Statement of responsibility, etc NEMPAL SINGH AND OTHERS
260 ## - PUBLICATION, DISTRIBUTION, ETC. (IMPRINT)
Place of publication LUCKNOW
Name of publisher IBDC
300 ## - PHYSICAL DESCRIPTION
Number of Pages 227p.
942 ## - ADDED ENTRY ELEMENTS (KOHA)
Koha item type Books
Holdings
Lost status Damaged status Collection code Home library Current library Shelving location Date acquired Source of acquisition Cost, normal purchase price Full call number Accession Number Koha item type
    Reference JRU Library JRU Library SHELF-2-C 29/11/2017 PURCHESS 300.00 631.521 22217 Books
    AGRICULTURE JRU Library JRU Library SHELF-44-A 29/11/2017 PURCHESS 300.00 631.521 22218 Books
    AGRICULTURE JRU Library JRU Library SHELF-44-A 29/11/2017 PURCHESS 300.00 631.521 22219 Books